Topografický slovník k církevním dějinám předhusitských Čech. [1], Pražský archidiakonát /

Hlavní autor: Boháč, Zdeněk, 1933-2001
Korporativní autor: Historický ústav (Akademie věd ČR)
Jazyk: Čeština
Vydáno: Praha : Historický ústav, 2001
Vydání: 1. vyd.
Témata:
Externí odkaz: Digitalizovaný dokument
Fyzický popis: 255 s. ; 26 cm
Knihy
Uloženo v:
LEADER 02177nam a2200529 a 4500
001 000590821
003 CZ BrMZK
005 20080317105927.0
007 ta
008 020319s2001 xr e e cze d
015 |a cnb001090698 
020 |a 80-7286-036-4 
035 |a (OCoLC)50455008 
040 |a BOA001  |b cze 
043 |a e-xr---  |b e-xr-pg  |b e-xr-cc  |2 czenas 
072 7 |a 27-9  |x Dějiny křesťanské církve  |2 Konspekt  |9 5 
080 |a 726.5  |2 MRF 
080 |a 27-9  |2 MRF 
080 |a 913:94  |2 MRF 
080 |a 27-72  |2 MRF 
080 |a (437.311)  |2 MRF 
080 |a (437.31-191.2)  |2 MRF 
080 |a (031)  |2 MRF 
080 |a (048.8)  |2 MRF 
100 1 |a Boháč, Zdeněk,  |d 1933-2001  |7 jk01012472 
245 1 0 |a Topografický slovník k církevním dějinám předhusitských Čech.  |n [1],  |p Pražský archidiakonát /  |c Zdeněk Boháč 
246 3 0 |a Pražský archidiakonát 
250 |a 1. vyd. 
260 |a Praha :  |b Historický ústav,  |c 2001 
300 |a 255 s. ;  |c 26 cm 
504 |a Obsahuje bibliografie 
500 |a Dostupné též v digitální podobě v aplikaci Kramerius 
650 0 7 |a církevní architektura  |7 ph114282  |z Česko  |y 14.-15. stol.  |2 czenas 
650 0 7 |a církevní dějiny  |7 ph114283  |z Česko  |y 14.-15. stol.  |2 czenas 
650 0 7 |a historická geografie  |7 ph120715  |2 czenas 
650 0 7 |a organizace a struktura církve  |7 ph138526  |z Česko  |y 14.-15. stol.  |2 czenas 
655 7 |a výkladové slovníky  |7 fd133855  |2 czenas 
655 7 |a přehledy  |7 fd133202  |2 czenas 
610 2 7 |a Katolická církev.  |b Arcidiecéze pražská  |7 kn20010710509  |2 czenas 
651 7 |a Praha (Česko : oblast)  |7 ge130513  |2 czenas 
651 7 |a Čechy střední (Česko)  |7 ge131654  |2 czenas 
710 2 |a Historický ústav (Akademie věd ČR)  |7 kn20010711013 
856 4 1 |u http://www.digitalniknihovna.cz/mzk/uuid/uuid:e30ccae0-d8b7-11e6-8a71-005056827e52  |y Digitalizovaný dokument  |x NDK 
910 |a BOA001  |b 3-1100.058,1 
990 |a BK 
996 6 |b 2610156237  |c 3-1100.058,1  |l MZK  |r Sklad / do 1 hodiny  |n 3  |p p.v.  |w 000590821  |u 000010  |a 1  |e BOA001  |j MZK50  |s P 
996 7 |b 2610159289  |c 3-1100.058,1  |l MZK  |r Sklad / do 1 hodiny  |n 20  |p kup  |w 000590821  |u 000020  |a 1  |e BOA001  |j MZK50  |s A